000 00572cam a22002053a 4500
001 41676
003 PGUSA
005 20140828083936.0
008 121220s2012||||xxu|||||s|||||000 | eng d
040 _aPGUSA
_beng
042 _adc
100 1 _aFfoulkes, Charles John
245 1 0 _aArmour and Weapons
_h[electronic resource] /
_cCharles John Ffoulkes
260 _bProject Gutenberg,
_c2012
506 _aPublic domain in the USA.
516 _aElectronic text
830 0 _aProject Gutenberg
_v41676
856 4 0 _uhttp://www.gutenberg.org/ebooks/41676
942 _cEB
999 _c270928
_d270928